| Tag |
First Indicator |
Second Indicator |
Subfields |
| LEADER |
00000cgm a2200000Ia 4500 |
| 001 |
in00002781325 |
| 005 |
20150922133750.0 |
| 007 |
vd cvaizq |
| 008 |
120327s2012 cau096 e vleng d |
| 024 |
1 |
0 |
|a 014381782059
|
| 035 |
|
|
|a (OCoLC)ocn781811384
|
| 035 |
|
|
|a (OCoLC)781811384
|
| 040 |
|
|
|a UVU
|c UVU
|d SO$
|d TEF
|d UtOrBLW
|
| 041 |
0 |
|
|a eng
|j eng
|j spa
|h eng
|
| 049 |
|
|
|a TXAM
|
| 050 |
|
4 |
|a PN1997.2
|b .B46 2012
|
| 082 |
0 |
4 |
|a 791.43/72
|2 23
|
| 090 |
|
|
|a PN1995.9.S554
|b B46 2012
|
| 245 |
0 |
0 |
|a Beneath the darkness /
|c Raincreek Productions in association with Sunset Pictures ; produced by Ronnie Clemmer ; written by Bruce Wilkinson ; directed by Martin Guigui.
|
| 264 |
|
1 |
|a Chatsworth, CA :
|b Image Entertainment,
|c [2012]
|
| 264 |
|
4 |
|c ©2012
|
| 300 |
|
|
|a 1 videodisc (96 min.) :
|b sound, color ;
|c 4 3/4 in.
|
| 336 |
|
|
|a two-dimensional moving image
|b tdi
|2 rdacontent
|
| 337 |
|
|
|a video
|b v
|2 rdamedia
|
| 338 |
|
|
|a videodisc
|b vd
|2 rdacarrier
|
| 538 |
|
|
|a Blu-ray, 1080p high-definition widescreen, 16:9 (2.35:1) aspect ratio, DTS-HD Master Audio 5.1 ; requires Blu-ray player.
|
| 546 |
|
|
|a English dialogue with optional Spanish subtitles ; English subtitles for the deaf and hard of hearing.
|
| 500 |
|
|
|a Title from container.
|
| 511 |
1 |
|
|a Aimee Teegarden, Dennis Quaid, Tony Oller.
|
| 500 |
|
|
|a Originally released as a motion picture in 2011.
|
| 500 |
|
|
|a Release date: Feb. 28, 2012.
|
| 521 |
8 |
|
|a MPAA rating: R; some violence and language.
|
| 520 |
|
|
|a After watching their best friend get murdered, a group of teens struggle to expose a local hero as the vicious killer and keep from becoming his next victims.
|
| 500 |
|
|
|a Special features: behind-the-scenes ; trailer.
|
| 500 |
|
|
|a Videorecording.
|
| 650 |
|
0 |
|a Serial murderers
|v Drama.
|
| 650 |
|
0 |
|a High school students
|v Drama.
|
| 650 |
|
0 |
|a Undertakers and undertaking
|v Drama.
|
| 650 |
|
7 |
|a Asesinato
|v Teatro.
|2 bidex
|
| 650 |
|
7 |
|a Escuelas secundarias
|v Teatro.
|2 bidex
|
| 655 |
|
7 |
|a Video recordings for the hearing impaired.
|2 lcgft
|
| 655 |
|
7 |
|a Slasher films.
|2 lcgft
|
| 655 |
|
7 |
|a Horror films.
|2 lcgft
|
| 655 |
|
7 |
|a Feature films.
|2 lcgft
|
| 655 |
|
7 |
|a Fiction films.
|2 lcgft
|
| 700 |
1 |
|
|a Clemmer, Ronnie D.
|
| 700 |
1 |
|
|a Wilkinson, Bruce.
|
| 700 |
1 |
|
|a Guigui, Martin,
|d 1965-
|
| 700 |
1 |
|
|a Teegarden, Aimee,
|d 1989-
|
| 700 |
1 |
|
|a Quaid, Dennis.
|
| 700 |
1 |
|
|a Oller, Tony,
|d 1991-
|
| 710 |
2 |
|
|a Raincreek Productions (Firm)
|
| 710 |
2 |
|
|a Sunset Pictures.
|
| 710 |
2 |
|
|a Image Entertainment (Firm)
|
| 994 |
|
|
|a C0
|b TXA
|
| 948 |
|
|
|a cataloged
|b h
|c 2012/11/15
|d c
|e blrosas
|f 10:19:50 am
|
| 999 |
|
|
|a MARS
|
| 999 |
f |
f |
|s 20d04144-5485-3d2e-951c-03f8f872749e
|i 9348d398-822f-346c-8b93-519404b16bf9
|t 0
|
| 952 |
f |
f |
|p bluray
|a Texas A&M University
|b College Station
|c Sterling C. Evans Library
|d Evans: Media and Reserves (Annex 1st floor)
|t 0
|e PN1995.9.S554 B46 2012
|h Library of Congress classification
|i video -- videodisc
|m A14841620662
|
| 998 |
f |
f |
|a PN1995.9.S554 B46 2012
|t 0
|l Evans: Media and Reserves (Annex 1st floor)
|